|
|
|
|
| LEADER |
00940nam a2200241 a 4500 |
| 001 |
767636 |
| 008 |
091028r20001995 ii b 000 0 eng d |
| 010 |
|
|
|a 70901165
|
| 020 |
|
|
|a 8170125705
|
| 040 |
|
|
|a DLC
|c DLC
|d DLC
|
| 082 |
0 |
0 |
|a 340/.0954
|2 21
|
| 100 |
1 |
|
|a Kulshreshtha, V. D.
|q (Visheshwar Dayal),
|d 1922-
|
| 245 |
1 |
0 |
|a Landmarks in Indian legal history and constitutional history
|c by V. D. Kulshreshtha.
|
| 250 |
|
|
|a 7th ed.
|
| 260 |
|
|
|a Lucknow,
|b Eastern Book Co.
|c 1995 [Reprinted 2000]
|
| 300 |
|
|
|a xxxi, 525 p.
|c 23 cm.
|
| 504 |
|
|
|a Includes Bibliography (p. 498-513.) and index.
|
| 541 |
1 |
|
|e 00012530
|
| 650 |
|
0 |
|a Law
|z India
|x History.
|
| 650 |
|
0 |
|a Constitutional history
|z India.
|
| 852 |
4 |
|
|a Ayesha Abed Library
|j General Shelf
|
| 999 |
|
|
|c 7555
|d 7555
|
| 952 |
|
|
|0 0
|1 0
|2 ddc
|4 0
|6 340_095400000000000_KUL
|7 0
|9 8191
|a BRACUL
|b BRACUL
|c GEN
|d 2010-02-16
|g 240.00
|l 3
|m 14
|o 340.0954 KUL
|p 3010012530
|r 2025-02-11
|s 2024-10-21
|t 1
|w 2010-02-16
|y BK
|